Karta sa obrátila? (pre Šport píše účastník horolezeckej expedície MAKALU '76 Ing. Ivan Fiala)

Bibliographic Details
Main Author: Fiala, Ivan, 1941-2018 (Author)
Format: Article
Language:Slovak
Subjects:

MARC

LEADER 00000nab a2200000 ar4500
001 vtls009007332
003 SK-MaSNL
005 20260303065438.0
008 070718c1976 xo wr|||||||||000 b|slo
015 |a SNBRB2007/06  |2 snkbucl 
038 |a SNKBUCL 
040 |a SNKBUCL  |b slo  |c SNKBUCL  |e AACR2 
041 0 |a slo 
044 |a xo  |c SK 
080 |a 796.524.093.1  |2 2001 
100 1 |a Fiala, Ivan,  |d 1941-2018  |4 aut  |9 186684 
245 1 0 |a Karta sa obrátila?  |b (pre Šport píše účastník horolezeckej expedície MAKALU '76 Ing. Ivan Fiala) 
650 0 7 |a horolezectvo  |2 snkbucl  |9 1050 
650 0 7 |a horolezecké expedície  |2 snkbucl  |9 1570 
773 0 |t Šport  |g (16.4.1976), s. 5 
852 |a SNK  |b KIS3GCP 
999 |c 1751223  |d 1753153